La Russie : Entre peurs et défis (notice n° 2198361)
[ vue normale ]
| 000 -LEADER | |
|---|---|
| fixed length control field | 01589cam a2200145 4500500 |
| 005 - DATE AND TIME OF LATEST TRANSACTION | |
| control field | 20260405085535.0 |
| 041 ## - LANGUAGE CODE | |
| Language code of text/sound track or separate title | fre |
| 042 ## - AUTHENTICATION CODE | |
| Authentication code | dc |
| 100 10 - MAIN ENTRY--PERSONAL NAME | |
| Personal name | Radvanyi, Jean |
| Relator term | author |
| 245 00 - TITLE STATEMENT | |
| Title | La Russie : Entre peurs et défis |
| 260 ## - PUBLICATION, DISTRIBUTION, ETC. | |
| Name of publisher, distributor, etc. | Armand Colin,<br/> |
| Date of publication, distribution, etc. | 2016.<br/> |
| 520 ## - SUMMARY, ETC. | |
| Summary, etc. | La Russie fait peur. Un président américain n’hésita pas à parler de l’URSS comme d’un « empire du mal » et la crise ukrainienne a remis cette notion au goût du jour à propos, cette fois-ci, de la Russie. On parle du « pouvoir de nuisance » du pays alors que d’autres évoquent une « impuissance génétique » des Russes à la démocratie. La Russie de l’ère Poutine ne cesse d’inspirer la méfiance, et jamais son image n’a été aussi négative. Or dans le même temps, c’est la Russie elle-même qui a peur. Vingt-cinq ans après la fin de l’URSS, le pays, ses élites, sa société civile sont traversés par toute une série de hantises. Les ébranlements successifs traversés dans les années 1980-1990 ont remis en cause bien des certitudes acquises et, partagé entre des aspirations réformatrices et la crainte d’une société libérale, le pays semble tenté par le repli dans un nouvel isolement. Cet essai vient analyser l’ensemble des facteurs géographiques, historiques, politiques, culturels et géostratégiques qui permettent de comprendre ce qui agite profondément la Russie d’aujourd’hui. |
| 700 10 - ADDED ENTRY--PERSONAL NAME | |
| Personal name | Laruelle, Marlène |
| Relator term | author |
| 856 41 - ELECTRONIC LOCATION AND ACCESS | |
| Uniform Resource Identifier | <a href="https://shs.cairn.info/la-russie--9782200612726?lang=fr&redirect-ssocas=7080">https://shs.cairn.info/la-russie--9782200612726?lang=fr&redirect-ssocas=7080</a> |
Pas d'exemplaire disponible.




Réseaux sociaux